[Event "Grand Rapids (MI Am/3/11)"]
[Site "?"]
[Date "1994.??.??"]
[Round "?"]
[White "Baker, T."]
[Black "Smeckert, Dennis"]
[Result "1/2-1/2"]
[WhiteElo "1605"]
[BlackElo "1605"]
[PlyCount "71"]
[EventDate "1994.??.??"]

{3/(11)} 1. e4 e5 2. Nf3 Nc6 3. Bb5 f5 4. exf5 e4 5. Ng1 Nf6 6. d4 d5 7. Ne2
Bd6 8. Bf4 O-O 9. O-O Bxf5 10. Qd2 Ne7 11. Bxd6 Qxd6 12. Qf4 Qb6 13. Nbc3 c5
14. dxc5 Qxc5 15. Qe3 Qc8 16. Ba4 Ng6 17. Bb3 Be6 18. Rad1 Qd7 19. Rd2 Qf7 20.
Nd4 Ng4 21. Qg3 e3 22. Re2 Nf4 23. Ree1 exf2+ 24. Rxf2 Nxf2 25. Nxe6 Nxe6 26.
Bxd5 Qg6 27. Bxe6+ Kh8 28. Qxg6 hxg6 29. Bd7 Rf6 30. Bb5 Raf8 31. Bc4 Ng4 32.
Nd5 Rf2 33. Bd3 Kh7 34. Ne7 R8f6 35. a3 Nh6 36. Re3 1/2-1/2

[Event "Detroit (MOR/4/20)"]
[Site "?"]
[Date "1994.??.??"]
[Round "?"]
[White "Bailey, Jason"]
[Black "al-Shareef, Robert"]
[Result "0-1"]
[WhiteElo "1710"]
[BlackElo "1605"]
[PlyCount "84"]
[EventDate "1994.??.??"]

{4/(20)} 1. c4 e5 2. g3 Nf6 3. Bg2 c6 4. d4 Bb4+ 5. Nc3 d5 6. dxe5 d4 7. exf6
Qxf6 8. a3 dxc3 9. axb4 cxb2 10. Rb1 bxc1=Q 11. Rxc1 O-O 12. Nf3 Rd8 13. Qb3
Re8 14. Qc3 Qxc3+ 15. Rxc3 Na6 16. b5 Nb4 17. O-O Rxe2 18. Nd4 Rd2 19. bxc6
Rxd4 20. cxb7 Bxb7 21. Bxb7 Rb8 22. Re1 Kf8 23. Bf3 a5 24. Ra1 Rd3 25. Rxd3
Nxd3 26. Rxa5 Rb1+ 27. Kg2 Ne1+ 28. Kh3 Nxf3 29. Ra8+ Ke7 30. Ra7+ Kf6 31. c5
Rc1 32. Ra6+ Kg5 33. Kg2 Nd4 34. Rd6 Ne6 35. c6 Kf6 36. f4 Ke7 37. Rd7+ Ke8 38.
f5 Nd8 39. h4 Nxc6 40. Rc7 Rc2+ 41. Kh3 Nd4 42. Rc8+ Rxc8 0-1

[Event "Eastpointe (US Am N/6/16)"]
[Site "?"]
[Date "1994.??.??"]
[Round "?"]
[White "Bailey, Jason"]
[Black "Walker, Anthony"]
[Result "1-0"]
[WhiteElo "1760"]
[BlackElo "1605"]
[PlyCount "81"]
[EventDate "1994.??.??"]

{6/(16)} 1. c4 Nf6 2. g3 e5 3. Bg2 c6 4. d4 exd4 5. Qxd4 d5 6. cxd5 cxd5 7. Nf3
Nc6 8. Qa4 Bb4+ 9. Nbd2 O-O 10. O-O Be7 11. a3 Be6 12. Nb3 Qd7 13. Nbd4 Nxd4
14. Qxd4 Bh3 15. Rd1 Rfd8 16. Bf4 b6 17. Ne5 Qe6 18. Bh1 Rac8 19. Rac1 Rc4 20.
Nxc4 dxc4 21. Qe5 Qxe5 22. Rxd8+ Bxd8 23. Bxe5 Be6 24. Bc6 h6 25. Bb5 Ng4 26.
Bb8 Bg5 27. f4 Bf6 28. Bxa7 Bd4+ 29. Kg2 Ne3+ 30. Kf2 Nc2+ 31. Kf3 Ne3 32. Bc6
Bc5 33. a4 Bg4+ 34. Kf2 Nc2+ 35. Kg2 Ne3+ 36. Kh1 Be6 37. a5 Ng4 38. Rf1 Ne3
39. Bxb6 Bxb6 40. axb6 Bc8 41. Ra1 1-0

[Event "Eastpointe (US Am N/1b/17)"]
[Site "?"]
[Date "1994.??.??"]
[Round "?"]
[White "Bailey, Jason"]
[Black "Turner, J."]
[Result "1-0"]
[WhiteElo "1760"]
[BlackElo "1605"]
[PlyCount "77"]
[EventDate "1994.??.??"]

1. e4 e6 2. d4 d5 3. e5 c5 4. Nf3 Nc6 5. dxc5 Bxc5 6. Bd3 Nge7 7. Bg5 Qb6 8.
O-O Qxb2 9. Nbd2 Bd4 10. Bxe7 Nxe7 11. Rb1 Qc3 12. Nxd4 Qxd4 13. Nf3 Qc5 14.
Rb5 Qa3 15. c4 a6 16. Rb3 Qxa2 17. cxd5 Nxd5 18. Bc4 Nc7 19. Qd6 Qa5 20. Rb6
Bd7 21. Qxc7 Rc8 22. Rxe6+ Bxe6 23. Qxa5 Rxc4 24. Ng5 O-O 25. Nxe6 fxe6 26. Qa2
Rc6 27. f4 g6 28. h3 Kg7 29. Qb2 b5 30. Kh2 h5 31. Qd4 Rc4 32. Qd7+ Rf7 33.
Qxe6 g5 34. f5 Rf4 35. Rxf4 gxf4 36. Qg6+ Kf8 37. e6 Re7 38. Qf6+ Ke8 39. Qh8#
1-0

[Event "Detroit (MOR/6/19)"]
[Site "?"]
[Date "1994.??.??"]
[Round "?"]
[White "Bailey, Jason"]
[Black "Piasecki, Vince"]
[Result "0-1"]
[WhiteElo "1710"]
[BlackElo "1605"]
[PlyCount "116"]
[EventDate "1994.??.??"]

{6/(19)} 1. e4 c5 2. b4 e6 3. bxc5 Bxc5 4. d4 Be7 5. Nf3 a6 6. c4 d6 7. Bd3 Nf6
8. O-O O-O 9. Bd2 Nc6 10. Qc2 g6 11. Rd1 Re8 12. Bh6 Nb4 13. Qc3 Nxd3 14. Rxd3
Nxe4 15. Qe1 Nf6 16. Nc3 Ng4 17. Bf4 Nf6 18. Rad1 Bf8 19. Ne4 Nxe4 20. Qxe4 d5
21. Qe2 dxc4 22. Rc3 b5 23. h4 Bb7 24. Nh2 Qxh4 25. Be5 Rad8 26. Ng4 Bg7 27.
Rh3 Qe7 28. Bxg7 Kxg7 29. Qe5+ f6 30. Nxf6 Qxf6 31. Rxh7+ Kxh7 32. Qxf6 Bd5 33.
Rc1 Rf8 34. Qe7+ Kg8 35. Rc3 Rde8 36. Qg5 Kg7 37. Rg3 Rf6 38. Rh3 Ref8 39. Qh6+
Kf7 40. Qh7+ Ke8 41. f3 c3 42. Qc7 R6f7 43. Qxc3 Bc4 44. a4 Rc7 45. Qa5 Rd7 46.
Qxa6 Rxd4 47. Qa8+ Rd8 48. Qc6+ Ke7 49. axb5 Rc8 50. Rh7+ Kf6 51. Qd6 g5 52.
Qd4+ e5 53. Qd6+ Kf5 54. Re7 Rf6 55. Qd7+ Be6 56. Qd3+ Kf4 57. Qe4+ Kg3 58.
Rxe6 Rc1+ 0-1

[Event "Detroit (Class B/2/10)"]
[Site "?"]
[Date "1994.??.??"]
[Round "?"]
[White "Bailey, Jason"]
[Black "Munger, Larry"]
[Result "0-1"]
[WhiteElo "1700"]
[BlackElo "1705"]
[PlyCount "44"]
[EventDate "1994.??.??"]

{2/(10)} 1. c4 Nf6 2. g3 g6 3. Bg2 d6 4. Nc3 c5 5. Nf3 Bg7 6. O-O Nc6 7. e3 O-O
8. d4 cxd4 9. Nxd4 Ne5 10. Qb3 Qc7 11. Nd5 Nxd5 12. cxd5 a6 13. Bd2 Nc4 14. Bc3
Bxd4 15. exd4 b5 16. Rfe1 Ra7 17. a4 Rb7 18. Bf1 e6 19. axb5 exd5 20. Rxa6 Be6
21. Rc6 Qxc6 22. bxc6 Rxb3 0-1

[Event "Detroit (MOR/2/15)"]
[Site "?"]
[Date "1994.??.??"]
[Round "?"]
[White "Bailey, Jason"]
[Black "Motley, Gerald"]
[Result "0-1"]
[WhiteElo "1710"]
[BlackElo "1605"]
[PlyCount "88"]
[EventDate "1994.??.??"]

{2/(15)} 1. c4 e5 2. g3 Nf6 3. Bg2 Bc5 4. e3 Nc6 5. Ne2 d6 6. Nbc3 Bd7 7. d4
exd4 8. exd4 Bb6 9. O-O h6 10. Na4 Qc8 11. Nxb6 axb6 12. Re1 O-O 13. Nf4 Re8
14. Rxe8+ Qxe8 15. h3 Bf5 16. a3 Qd7 17. Be3 Rd8 18. Rc1 Be4 19. Nd5 Nxd5 20.
cxd5 Bxg2 21. Kxg2 Ne7 22. Qb3 Rc8 23. a4 Qf5 24. Bf4 Qd7 25. a5 b5 26. Qa2 Ng6
27. Be3 Ne7 28. Bf4 g5 29. Be3 Qf5 30. a6 bxa6 31. Qxa6 Qxd5+ 32. Kh2 Ra8 33.
Qxa8+ Qxa8 34. Rxc7 Nd5 35. Rd7 Nxe3 36. fxe3 Qd5 37. g4 Kg7 38. Kg3 Kf6 39.
Rd8 Kg7 40. Rd7 b4 41. Rd8 Qe4 42. Rxd6 Qxe3+ 43. Kg2 Qd2+ 44. Kg3 Qxb2 0-1

[Event "Detroit (WCO/2/4)"]
[Site "?"]
[Date "1994.??.??"]
[Round "?"]
[White "Bailey, Jason"]
[Black "Moody, David"]
[Result "0-1"]
[WhiteElo "1745"]
[BlackElo "2045"]
[PlyCount "72"]
[EventDate "1994.??.??"]

{2/(4)} 1. c4 e5 2. g3 Nc6 3. Bg2 f5 4. Nc3 Nf6 5. e3 Be7 6. Nge2 O-O 7. O-O d6
8. d4 a6 9. b3 e4 10. f3 d5 11. cxd5 Nxd5 12. Nxd5 Qxd5 13. fxe4 fxe4 14. Rxf8+
Bxf8 15. Nc3 Qg5 16. Nxe4 Qg6 17. Nf2 Bd7 18. Bb2 Bd6 19. e4 Rf8 20. e5 Be7 21.
d5 Bc5 22. Bf3 Bxf2+ 23. Kxf2 Bg4 24. dxc6 Rxf3+ 25. Qxf3 Qc2+ 26. Ke3 Bxf3 27.
Kxf3 Qxb2 28. cxb7 Qc3+ 29. Kf2 Qd4+ 30. Kf3 Qd5+ 31. Kf4 Qxb7 32. Rc1 Kf7 33.
Rc4 Ke6 34. h4 Qg2 35. Rxc7 Qf2+ 36. Kg4 Qf5# 0-1

[Event "Detroit (Class B/5/15)"]
[Site "?"]
[Date "1994.??.??"]
[Round "?"]
[White "Bailey, Jason"]
[Black "Moceri, Paul"]
[Result "1-0"]
[WhiteElo "1700"]
[BlackElo "1635"]
[PlyCount "47"]
[EventDate "1994.??.??"]

{5/(15)} 1. c4 e5 2. g3 c6 3. d4 exd4 4. Qxd4 d5 5. cxd5 Qxd5 6. Qxd5 cxd5 7.
Bg2 Be6 8. Nc3 Bb4 9. Bd2 Ne7 10. Nf3 Nbc6 11. O-O h6 12. Nb5 Kd7 13. Bxb4 Nxb4
14. Ne5+ Kd8 15. Nd4 Rf8 16. Rfd1 Nbc6 17. Nexc6+ Nxc6 18. e4 Ne7 19. exd5 Bf5
20. d6 Bg6 21. dxe7+ Kxe7 22. Bxb7 Rae8 23. Rac1 f5 24. Rc7+ 1-0

[Event "Detroit (Class B/4/15)"]
[Site "?"]
[Date "1994.??.??"]
[Round "?"]
[White "Bailey, Jason"]
[Black "McCarter, Robert"]
[Result "0-1"]
[WhiteElo "1700"]
[BlackElo "1700"]
[PlyCount "66"]
[EventDate "1994.??.??"]

{4/(15)} 1. c4 Nf6 2. g3 e6 3. Bg2 d5 4. cxd5 exd5 5. Nf3 c6 6. O-O Bd6 7. d3
O-O 8. a3 Bg4 9. Qc2 Qd7 10. Rd1 Bh3 11. Bh1 h6 12. e4 dxe4 13. dxe4 Qc7 14.
Rxd6 Qxd6 15. e5 Qe7 16. exf6 Qxf6 17. Nc3 Re8 18. Bf4 Bf5 19. Qb3 b6 20. Nh4
Be6 21. Qd1 g5 22. Bxb8 Raxb8 23. Nf3 Bg4 24. Qd4 Qf5 25. Ne1 Rbd8 26. Qb4 c5
27. Qa4 Re7 28. f3 Bh3 29. Ne4 Rd4 30. Qc6 Rdxe4 31. g4 Rxe1+ 32. Rxe1 Rxe1+
33. Kf2 Qe5 0-1

[Event "Eastpointe (EDO/5/20)"]
[Site "?"]
[Date "1994.??.??"]
[Round "?"]
[White "Bailey, Jason"]
[Black "McCarter, Robert"]
[Result "1-0"]
[WhiteElo "1715"]
[BlackElo "1700"]
[PlyCount "43"]
[EventDate "1994.??.??"]

{5/(20)} 1. f3 d5 2. c3 Nf6 3. e3 e6 4. d4 c5 5. Bd3 Be7 6. Ne2 O-O 7. O-O b6
8. e4 Ba6 9. e5 Nfd7 10. f4 Bxd3 11. Qxd3 Nc6 12. Nd2 Rc8 13. a3 cxd4 14. cxd4
Na5 15. f5 Nc4 16. Nxc4 Rxc4 17. f6 gxf6 18. Bh6 fxe5 19. Qg3+ Bg5 20. Bxg5
Qxg5 21. Qxg5+ Kh8 22. Qe7 1-0

[Event "Detroit (WCO/4/4)"]
[Site "?"]
[Date "1994.??.??"]
[Round "?"]
[White "Bailey, Jason"]
[Black "Jendras, Gerard"]
[Result "0-1"]
[WhiteElo "1745"]
[BlackElo "1905"]
[PlyCount "92"]
[EventDate "1994.??.??"]

{4/(4)} 1. c4 Nf6 2. g3 c5 3. Bg2 g6 4. e3 Bg7 5. Ne2 O-O 6. O-O Nc6 7. Nbc3 d6
8. h3 Rb8 9. b3 Nb4 10. d4 Na6 11. Bb2 Bd7 12. a3 Qc8 13. Kh2 Nc7 14. Rc1 a6
15. dxc5 dxc5 16. Ne4 Nxe4 17. Bxg7 Kxg7 18. Qc2 Nf6 19. Rfd1 Rd8 20. Nf4 e5
21. Nd3 Bf5 22. g4 Bxd3 23. Rxd3 Rxd3 24. Qxd3 Ne6 25. Qc3 Qc7 26. Rd1 Rd8 27.
Bd5 Nxd5 28. cxd5 f6 29. Rd2 Nd4 30. exd4 exd4+ 31. Qg3 Qxg3+ 32. Kxg3 Rxd5 33.
Kf4 Re5 34. h4 Kf7 35. g5 Rf5+ 36. Kg4 fxg5 37. hxg5 Ke6 38. f4 b5 39. Kf3 Kd5
40. Rh2 Rf7 41. Re2 d3 42. Re5+ Kd4 43. Re6 Rd7 44. Re4+ Kc3 45. b4 d2 46. Re3+
Rd3 0-1

[Event "Detroit (CAO/6/3)"]
[Site "?"]
[Date "1994.??.??"]
[Round "?"]
[White "Bailey, Jason"]
[Black "Gabbara, Faris"]
[Result "0-1"]
[WhiteElo "1705"]
[BlackElo "2155"]
[PlyCount "64"]
[EventDate "1994.??.??"]

{6/(3)} 1. c4 e6 2. Nf3 d5 3. b3 c5 4. Bb2 Nc6 5. e3 Nf6 6. g3 Qc7 7. Bg2 Bd7
8. O-O dxc4 9. bxc4 Bd6 10. Nc3 a6 11. Rb1 Na5 12. Qe2 Bc6 13. d4 cxd4 14. exd4
Bxf3 15. Qxf3 Nxc4 16. Bc1 Na5 17. Bg5 Be7 18. d5 O-O 19. dxe6 fxe6 20. Bf4 e5
21. Bd2 Rad8 22. Qe2 b5 23. a4 bxa4 24. Nxa4 e4 25. Rfc1 Qe5 26. Qxa6 Rxd2 27.
Nb6 Qd4 28. Rf1 Bc5 29. Qxa5 Ng4 30. Na4 Rfxf2 31. Qa8+ Rf8+ 32. Kh1 Qg1+ 0-1

[Event "Detroit (CAO/2/1)"]
[Site "?"]
[Date "1994.??.??"]
[Round "?"]
[White "Bailey, Jason"]
[Black "Finegold, Ben"]
[Result "0-1"]
[WhiteElo "1705"]
[BlackElo "2615"]
[PlyCount "96"]
[EventDate "1994.??.??"]

{2/(1)} 1. c4 b6 2. Nf3 Bb7 3. g3 Bxf3 4. exf3 c5 5. f4 Nc6 6. Bg2 g6 7. O-O
Bg7 8. Nc3 Nh6 9. a3 Rc8 10. d3 O-O 11. Rb1 Nf5 12. Ne2 e6 13. b4 Ncd4 14. Re1
d5 15. Qa4 dxc4 16. dxc4 cxb4 17. axb4 Rxc4 18. Nxd4 Bxd4 19. Bb2 Qe7 20. Ba3
Qc7 21. Qa6 Rd8 22. Rec1 Rc2 23. Qf1 Qc3 24. Bb2 Rxc1 25. Qxc1 Qxc1+ 26. Bxc1
a5 27. Ba3 axb4 28. Bxb4 Rc8 29. Be4 Kg7 30. Kg2 h5 31. Bd2 Rd8 32. Be1 Nd6 33.
Bd3 Ra8 34. Bb4 Nf5 35. Bc4 Ra4 36. Bb5 Ra2 37. Be1 Ne3+ 38. Kh3 Ng4 39. Bf1
Nxf2+ 40. Bxf2 Rxf2 41. Bg2 Bb2 42. Rf1 Rd2 43. Bc6 Bd4 44. Rb1 f6 45. Rb3 e5
46. Rf3 Bg1 47. g4 Rxh2+ 48. Kg3 h4# 0-1

[Event "Eastpointe (EDO/2/16)"]
[Site "?"]
[Date "1994.??.??"]
[Round "?"]
[White "Bailey, Jason"]
[Black "Chehayeb, Sal"]
[Result "0-1"]
[WhiteElo "1715"]
[BlackElo "2015"]
[PlyCount "55"]
[EventDate "1994.??.??"]

{2/(16)} 1. c4 e5 2. g3 f5 3. Bg2 Nf6 4. e3 g6 5. Nc3 Bg7 6. Nge2 d6 7. d4 O-O
8. O-O c6 9. b3 Be6 10. Ba3 Re8 11. dxe5 dxe5 12. Qxd8 Rxd8 13. Rfd1 Na6 14. e4
Bf8 15. Bb2 Nb4 16. exf5 Bxf5 17. Na4 Nd3 18. Bc3 Ne4 19. Bxe4 Bxe4 20. Rd2 Bh6
21. Rdd1 Bf3 22. Kf1 Rd7 23. Nb2 e4 24. Rdb1 Rad8 25. Bf6 Rf8 26. Bc3 Bxe2+ 27.
Kxe2 Rxf2+ 28. Kd1 0-1

[Event "Eastpointe (US Am N/3/19)"]
[Site "?"]
[Date "1994.??.??"]
[Round "?"]
[White "Bailey, Jason"]
[Black "Boyle, John"]
[Result "1-0"]
[WhiteElo "1760"]
[BlackElo "1605"]
[PlyCount "81"]
[EventDate "1994.??.??"]

{3/(19)} 1. c4 c5 2. g3 d6 3. Bg2 Nf6 4. e3 Nc6 5. Ne2 g6 6. d4 cxd4 7. Nxd4
Bd7 8. Nc3 Bg7 9. O-O O-O 10. Nb3 Be6 11. Nd5 Nxd5 12. cxd5 Bf5 13. dxc6 bxc6
14. Nd4 Bxd4 15. Qxd4 Bd7 16. e4 f6 17. Bh6 Re8 18. Rfd1 Qc7 19. Rac1 Rab8 20.
Qc4+ e6 21. Qc3 Kf7 22. Qd2 g5 23. f4 gxf4 24. Bxf4 Qb6+ 25. Be3 Qxb2 26. Qxb2
Rxb2 27. Rxd6 Ke7 28. Rcd1 Rb7 29. Bc5 f5 30. Rxd7+ Kf6 31. Rxb7 fxe4 32. Bxe4
h5 33. Bc2 e5 34. Bb3 e4 35. Rf7+ Kg5 36. Be3+ Kg6 37. Rd6+ Re6 38. Bxe6 h4 39.
Bb3+ Kh5 40. Rg7 hxg3 41. Rh6# 1-0

[Event "Eastpointe (US Am N/4/5)"]
[Site "?"]
[Date "1994.??.??"]
[Round "?"]
[White "Bailey, Greg"]
[Black "Wisckol, Richard"]
[Result "0-1"]
[WhiteElo "2065"]
[BlackElo "1875"]
[PlyCount "72"]
[EventDate "1994.??.??"]

{4/(5)} 1. Nf3 Nf6 2. g3 d5 3. Bg2 g6 4. O-O Bg7 5. d3 O-O 6. Nbd2 b6 7. c4 c6
8. e4 dxe4 9. dxe4 Nfd7 10. Nb3 Qc7 11. Qc2 Bb7 12. c5 Na6 13. cxb6 axb6 14. a3
Nac5 15. Nxc5 Nxc5 16. Bf4 e5 17. Be3 Ne6 18. Rfd1 c5 19. Bh3 Nd4 20. Nxd4 exd4
21. Bxd4 Bxd4 22. Rxd4 Qe5 23. Rc4 Rfd8 24. f4 Qd6 25. e5 Qd5 26. Bg2 Qxg2+ 27.
Qxg2 Bxg2 28. Kxg2 Rd2+ 29. Kh3 Rxb2 30. a4 b5 31. Rxc5 bxa4 32. g4 a3 33. f5
a2 34. e6 fxe6 35. fxe6 h6 36. g5 Ra3+ 0-1

[Event "Detroit (MI Op/6/16)"]
[Site "?"]
[Date "1994.??.??"]
[Round "?"]
[White "Bailey, Greg"]
[Black "Turner, Keita"]
[Result "1-0"]
[WhiteElo "2095"]
[BlackElo "1820"]
[PlyCount "73"]
[EventDate "1994.??.??"]

{6/(16)} 1. Nf3 Nf6 2. g3 g6 3. Bg2 Bg7 4. c4 O-O 5. Nc3 d6 6. d4 c5 7. d5 a6
8. a4 e5 9. e4 Nh5 10. O-O f5 11. exf5 Bxf5 12. Ng5 Qd7 13. Ne6 Nf6 14. Nxf8
Bxf8 15. Bg5 Ne8 16. Qd2 Qg7 17. f3 h6 18. Be3 g5 19. f4 exf4 20. gxf4 g4 21.
Be4 Qf6 22. Qc2 Ng7 23. Rae1 Nd7 24. Bxf5 Nxf5 25. Bf2 Qg6 26. Re6 Qh5 27. Rfe1
Bg7 28. Ne4 Bd4 29. Ng3 Bxf2+ 30. Qxf2 Qf7 31. Nxf5 Qxf5 32. Rxh6 Nf6 33. Qh4
Rf8 34. Qg5+ Qxg5 35. fxg5 Nh7 36. Rxd6 Kf7 37. g6+ 1-0

[Event "Eastpointe (US Am N/6/8)"]
[Site "?"]
[Date "1994.??.??"]
[Round "?"]
[White "Bailey, Greg"]
[Black "Smith, Ed"]
[Result "1-0"]
[WhiteElo "2065"]
[BlackElo "1835"]
[PlyCount "123"]
[EventDate "1994.??.??"]

{6/(8)} 1. Nf3 d5 2. d4 Nf6 3. Bg5 e6 4. c4 h6 5. Bxf6 Qxf6 6. cxd5 exd5 7. Nc3
c6 8. Rc1 Be6 9. Qb3 Qe7 10. e3 Qb4 11. Qc2 Nd7 12. Bd3 Nf6 13. a3 Qd6 14. O-O
Be7 15. b4 O-O 16. Na4 a5 17. Nc5 Ra7 18. b5 cxb5 19. Nxe6 Qxe6 20. Bxb5 Bxa3
21. Ra1 Rc8 22. Qa4 Bb4 23. Ne5 Qd6 24. Nd3 Ne4 25. Nxb4 Nc3 26. Rfc1 Nxa4 27.
Rxc8+ Kh7 28. Rxa4 Qb6 29. Bd3+ g6 30. Nxd5 Qe6 31. Rc5 b6 32. Rb5 Qc6 33. Ra1
a4 34. Bf1 a3 35. e4 f5 36. Rxb6 Qa4 37. Rb4 Qc2 38. e5 Qd2 39. e6 Kg7 40. Rab1
a2 41. Rb7+ Rxb7 42. Rxb7+ Kh8 43. e7 Qe1 44. Rb8+ Kg7 45. e8=N+ Qxe8 46. Rxe8
a1=Q 47. Re7+ Kf8 48. Rh7 Qxd4 49. Ne3 f4 50. Ng4 h5 51. Nh6 Qb4 52. h4 Ke8 53.
Nf7 Qc5 54. Ng5 Qb4 55. Rf7 Qd6 56. Bb5+ Kd8 57. Rd7+ Qxd7 58. Bxd7 Kxd7 59.
Kf1 Kd6 60. Ke2 Ke5 61. Kd3 Kf5 62. Nh3 1-0

[Event "Detroit (MI Op/2/29)"]
[Site "?"]
[Date "1994.??.??"]
[Round "?"]
[White "Bailey, Greg"]
[Black "Leighton, George"]
[Result "1-0"]
[WhiteElo "2095"]
[BlackElo "1895"]
[PlyCount "85"]
[EventDate "1994.??.??"]

{2/(29)} 1. Nf3 Nf6 2. g3 g6 3. Bg2 Bg7 4. c4 O-O 5. Nc3 d6 6. d4 Nbd7 7. O-O
c5 8. d5 a6 9. e4 Qc7 10. Qc2 Ng4 11. h3 Nge5 12. Nd2 Nb6 13. b3 f5 14. f4 Nf7
15. Bb2 Bd7 16. Rae1 Rae8 17. exf5 Bxf5 18. Nce4 e5 19. dxe6 Rxe6 20. Bxg7 Bxe4
21. Nxe4 Kxg7 22. Qc3+ Kg8 23. Nf6+ Rxf6 24. Qxf6 Nd8 25. Re7 Rxf6 26. Rxc7 Re6
27. Bxb7 a5 28. Kf2 Nf7 29. Re1 Rf6 30. Re8+ Kg7 31. Ree7 Kf8 32. Ke3 h6 33.
Bc6 a4 34. Rb7 axb3 35. axb3 Nxc4+ 36. bxc4 g5 37. Rxf7+ Rxf7 38. Rxf7+ Kxf7
39. f5 h5 40. Ke4 Ke7 41. g4 hxg4 42. hxg4 Kd8 43. Kd5 1-0

[Event "Detroit (MI Op/4/15)"]
[Site "?"]
[Date "1994.??.??"]
[Round "?"]
[White "Bailey, Greg"]
[Black "Harma, K."]
[Result "1-0"]
[WhiteElo "2095"]
[BlackElo "1845"]
[PlyCount "81"]
[EventDate "1994.??.??"]

{4/(15)} 1. Nf3 f5 2. d4 g6 3. c4 Bg7 4. Nc3 Nf6 5. g3 O-O 6. Bg2 d6 7. O-O Nc6
8. d5 Na5 9. Nd2 c5 10. a3 Qb6 11. Rb1 Bd7 12. b4 cxb4 13. axb4 Qd4 14. Nb5
Bxb5 15. e3 Qd3 16. cxb5 Qxb5 17. bxa5 Qa6 18. Qa4 Rab8 19. Qb5 Qxb5 20. Rxb5
a6 21. Rb4 Rfc8 22. Nb3 Nd7 23. Bd2 Nc5 24. Nxc5 dxc5 25. Rc4 Be5 26. Rfc1 Bd6
27. Bb4 Rc7 28. Ba3 Kf7 29. f4 h5 30. e4 fxe4 31. Bxe4 h4 32. Bf3 h3 33. Bg4 b6
34. axb6 Rxb6 35. Bxh3 Rb3 36. Be6+ Kg7 37. Bxc5 Rb1 38. Bd4+ Kh6 39. Rxc7 Rb4
40. R7c4 Rb8 41. Rc8 1-0

[Event "Eastpointe (US Am N/2/5)"]
[Site "?"]
[Date "1994.??.??"]
[Round "?"]
[White "Bailey, Greg"]
[Black "Drysdale, Gilbert"]
[Result "1-0"]
[WhiteElo "2065"]
[BlackElo "1740"]
[PlyCount "105"]
[EventDate "1994.??.??"]

{2/(5)} 1. Nf3 f5 2. g3 g6 3. Bg2 Bg7 4. d4 Nf6 5. c4 d6 6. Nc3 O-O 7. O-O Qe8
8. d5 a5 9. Nd4 Na6 10. Ncb5 Ne4 11. f3 Nec5 12. a4 c6 13. dxc6 bxc6 14. f4 Bd7
15. Ra3 Ne4 16. Nc3 Nac5 17. Nxe4 Nxe4 18. Qd3 Qf7 19. Nc2 Nc5 20. Qd1 Qxc4 21.
Ne3 Qd4 22. Qc2 Rfb8 23. Rd1 Qb4 24. Nc4 Nb3 25. Be3 Bxb2 26. Ra2 Bd4 27. Bxd4
Nxd4 28. Rxd4 Qe1+ 29. Bf1 Rb1 30. Nd2 Rc1 31. Qb3+ Kg7 32. Qb7 Qxe2 33. Qb2
Rxf1+ 34. Nxf1 Qxb2 35. Rxb2 c5 36. Rc4 Be6 37. Rc1 Kf6 38. Ne3 Bd7 39. Nd5+
Kf7 40. Re2 e6 41. Nb6 Ra7 42. Nxd7 Rxd7 43. Rb2 Ke7 44. Rb5 Ra7 45. Kf2 Kd7
46. Ke3 Kc6 47. Rcb1 Ra6 48. Kd3 c4+ 49. Kd4 d5 50. Rb8 Ra7 51. R1b5 Kc7 52.
Rc5+ Kd7 53. Rb6 1-0

[Event "Detroit (MEX/1/1)"]
[Site "?"]
[Date "1994.??.??"]
[Round "?"]
[White "Avery, Robert W"]
[Black "Tsemekhman, Vadim"]
[Result "0-1"]
[WhiteElo "2145"]
[BlackElo "2430"]
[PlyCount "54"]
[EventDate "1994.??.??"]

{1/(1)} 1. d4 Nf6 2. c4 g6 3. Nc3 Bg7 4. e4 d6 5. f3 O-O 6. Be3 c6 7. Qd2 Nbd7
8. Nh3 e5 9. d5 cxd5 10. cxd5 Nc5 11. g4 Bxg4 12. fxg4 Ncxe4 13. Nxe4 Nxe4 14.
Qg2 Qa5+ 15. Ke2 Qb5+ 16. Ke1 Qxd5 17. Be2 Qa5+ 18. Kd1 d5 19. Bf3 Rfd8 20. a3
Rac8 21. Rc1 Qa4+ 22. Ke2 Qb5+ 23. Ke1 Rxc1+ 24. Bxc1 Rc8 25. Be3 Qb3 26. Bg5
Nxg5 27. Nxg5 Qe3+ 0-1

[Event "Detroit (MEX/3/5)"]
[Site "?"]
[Date "1994.??.??"]
[Round "?"]
[White "Avery, Robert W"]
[Black "Moody, David"]
[Result "0-1"]
[WhiteElo "2145"]
[BlackElo "2000"]
[PlyCount "72"]
[EventDate "1994.??.??"]

{3/(5)} 1. c4 e5 2. Nc3 Nc6 3. e3 f5 4. d4 Nf6 5. d5 Nb8 6. Nf3 d6 7. Qc2 Be7
8. Be2 O-O 9. a3 Qe8 10. c5 c6 11. dxc6 Nxc6 12. Nb5 Qd8 13. cxd6 Bxd6 14. Qb3+
Kh8 15. Ng5 Nd5 16. Nxd6 Qxd6 17. O-O h6 18. Rd1 hxg5 19. Rxd5 Qf6 20. Qd1 Be6
21. Rd6 Rad8 22. b4 Rxd6 23. Qxd6 Rd8 24. Qc5 f4 25. b5 Na5 26. Rb1 Bc4 27. Bf3
Qf5 28. Rb2 g4 29. Qe7 Qd3 30. Qh4+ Kg8 31. Qxd8+ Qxd8 32. Rd2 Qg5 33. exf4
exf4 34. Be4 Qe5 35. f3 Nb3 36. Rd8+ Kf7 0-1

[Event "Detroit (MI Op/3/3)"]
[Site "?"]
[Date "1994.??.??"]
[Round "?"]
[White "Avery, Robert W"]
[Black "Feldman, Steve"]
[Result "0-1"]
[WhiteElo "2155"]
[BlackElo "2295"]
[PlyCount "150"]
[EventDate "1994.??.??"]

{3/(3)} 1. d4 d5 2. c4 Nc6 3. Nc3 dxc4 4. Nf3 Nf6 5. e3 Bg4 6. Bxc4 e6 7. h3
Bh5 8. O-O Be7 9. a3 O-O 10. b4 e5 11. d5 Bxf3 12. Qxf3 Nb8 13. Bb2 Nbd7 14. e4
a5 15. b5 Nc5 16. a4 Bd6 17. g3 Qe7 18. Rae1 Nfd7 19. Qd1 Nb6 20. Ba2 Ncd7 21.
Re3 Kh8 22. Bb1 Nc4 23. Re2 Bc5 24. Ba1 Rad8 25. Qd3 Nd6 26. Kh2 Bd4 27. Ra2
Nc5 28. Qc2 b6 29. f3 g6 30. Ne2 Bxa1 31. Rxa1 Rde8 32. g4 f5 33. exf5 gxf5 34.
gxf5 Nxf5 35. Ra3 Qh4 36. Rc3 Re7 37. Rc4 Qh6 38. Qc1 Ne3 39. Rg1 Rxf3 40. Rg3
Rf2+ 41. Kh1 Rxe2 42. Rc3 Nf5 43. Bxf5 Qxc1+ 44. Rxc1 Rg7 45. Bg4 Ra2 46. Rf3
Rxa4 47. Rf8+ Rg8 48. Rf7 h5 49. Bf5 Rg7 50. Rf8+ Rg8 51. Rf7 Rg7 52. Rf8+ Rg8
53. Rf7 Rg5 54. Be6 Rh4 55. Kh2 Rf4 56. Rxc7 Rf2+ 57. Kh1 e4 58. Re1 Nd3 59.
Rg1 Rxg1+ 60. Kxg1 e3 61. Re7 Ne1 62. Bg4 hxg4 63. Rxe3 Rg2+ 64. Kf1 Rd2 65.
hxg4 Nc2 66. Re6 Rxd5 67. Rxb6 a4 68. Ra6 a3 69. b6 Rb5 70. Kf2 Rb2 71. Kf3 a2
72. b7 a1=Q 73. Ra8+ Kg7 74. b8=Q Rxb8 75. Rxb8 Qf1+ 0-1

[Event "Detroit (MEX/4/6)"]
[Site "?"]
[Date "1994.??.??"]
[Round "?"]
[White "Avery, Robert W"]
[Black "Everett, Morgan"]
[Result "1-0"]
[WhiteElo "2145"]
[BlackElo "2200"]
[PlyCount "59"]
[EventDate "1994.??.??"]

{4/(6)} 1. c4 e5 2. Nc3 Nf6 3. Nf3 Nc6 4. e3 Bb4 5. Qc2 O-O 6. d3 Re8 7. a3
Bxc3+ 8. Qxc3 d5 9. cxd5 Nxd5 10. Qc2 Bf5 11. e4 Bg6 12. exd5 e4 13. Be3 Qxd5
14. dxe4 Bxe4 15. Bc4 Qf5 16. Qe2 Qg4 17. Bxf7+ Kxf7 18. Ng5+ Qxg5 19. Bxg5 Bd3
20. Qxe8+ Rxe8+ 21. Kd2 Bf5 22. Rhe1 Be6 23. Kc3 Nb8 24. Rad1 Nd7 25. Bh4 Nb6
26. Rd8 Na4+ 27. Kd4 c5+ 28. Ke5 Nxb2 29. Rxe8 Nd3+ 30. Kd6 1-0

[Event "Detroit (MI Op/1a/14)"]
[Site "?"]
[Date "1994.??.??"]
[Round "?"]
[White "Avery, Robert W"]
[Black "Almquist, W."]
[Result "1-0"]
[WhiteElo "2155"]
[BlackElo "1875"]
[PlyCount "83"]
[EventDate "1994.??.??"]

1. c4 e6 2. d4 Nf6 3. Nc3 Bb4 4. Qc2 c5 5. dxc5 Bxc5 6. Nf3 Nc6 7. Bg5 Be7 8.
e3 O-O 9. Rd1 Qa5 10. a3 Ne5 11. Nd4 a6 12. Bf4 Ng6 13. Bg3 d6 14. Be2 Bd7 15.
O-O Rac8 16. b4 Qc7 17. Rc1 e5 18. Nf5 Be6 19. Ne4 Nxe4 20. Qxe4 Qc6 21. Qxc6
Rxc6 22. Nxe7+ Nxe7 23. c5 Nf5 24. cxd6 Nxg3 25. hxg3 Rxd6 26. Rc7 Rd2 27. Bf3
Ra2 28. Rxb7 Rd8 29. Rc1 Rxa3 30. Rc5 Ra1+ 31. Kh2 g6 32. Rxe5 Rd2 33. g4 Rxf2
34. Rb6 Raa2 35. Kg3 Bc4 36. g5 Bf1 37. Re8+ Kg7 38. Rbb8 Rxg2+ 39. Kf4 Rxg5
40. Kxg5 f6+ 41. Kf4 h5 42. Re7+ 1-0

[Event "Detroit (MCO/DEU/1b/2)"]
[Site "?"]
[Date "1994.??.??"]
[Round "?"]
[White "Ashton, Jeff"]
[Black "Sturgis, Derreck"]
[Result "1-0"]
[WhiteElo "1605"]
[BlackElo "1605"]
[PlyCount "59"]
[EventDate "1994.??.??"]

1. d4 Nf6 2. c4 e6 3. Nc3 Bb4 4. Bg5 d5 5. e3 Nbd7 6. cxd5 exd5 7. Bd3 h6 8.
Bxf6 Nxf6 9. Qa4+ c6 10. Qxb4 a5 11. Qb3 O-O 12. Nge2 b5 13. a3 Re8 14. O-O Ba6
15. Qc2 Re7 16. Rac1 b4 17. axb4 Bxd3 18. Qxd3 axb4 19. Nb1 Rc7 20. Nd2 Ra2 21.
Qb3 Qa8 22. Rc5 Nd7 23. Rc2 c5 24. dxc5 Ra4 25. c6 Rxc6 26. Rxc6 Qxc6 27. Rc1
Nc5 28. Qc2 Ra5 29. Nb3 Qa6 30. Nxa5 1-0